ਕਦੇਸਣ : (Record no. 110731)

MARC details
000 -LEADER
fixed length control field 00898nam a22002417a 4500
010 ## - LIBRARY OF CONGRESS CONTROL NUMBER
LC control number B-075556
020 ## - INTERNATIONAL STANDARD BOOK NUMBER
Terms of availability 150.00
035 ## - SYSTEM CONTROL NUMBER
System control number B-075556
037 ## - SOURCE OF ACQUISITION
Source of stock number/acquisition Cen Lib / Ret
040 ## - CATALOGING SOURCE
Original cataloging agency DPL
Language of cataloging PN
082 ## - DEWEY DECIMAL CLASSIFICATION NUMBER
Classification number 852
Item number ਬਰਾੜ
100 ## - MAIN ENTRY--PERSONAL NAME
Personal name ਬਰਾੜ, ਜਤਿੰਦਰ
9 (RLIN) 131190
245 ## - TITLE STATEMENT
Title ਕਦੇਸਣ :
Remainder of title ਨਾਟਕ /
Statement of responsibility, etc ਜਤਿੰਦਰ ਬਰਾੜ
246 ## - VARYING FORM OF TITLE
Title proper/short title Kadesan : play /
Remainder of title by Jatinder Brar
260 ## - PUBLICATION, DISTRIBUTION, ETC. (IMPRINT)
Place of publication, distribution, etc ਅੰਮ੍ਰਿਤਸਰ
Name of publisher, distributor, etc ਲੌਕ ਸਾਹਿਤ ਪ੍ਰਕਾਸ਼ਨ
Date of publication, distribution, etc 2001
270 ## - ADDRESS
Address 186, ਗਰੀਨ ਔਵੀਨਿਊ
City ਅੰਮ੍ਰਿਤਸਰ
300 ## - PHYSICAL DESCRIPTION
Extent 96 p.
Dimensions 23cm(Hb)
650 ## - SUBJECT ADDED ENTRY--TOPICAL TERM
Topical term or geographic name as entry element ਸਾਹਿਤ--ਪੰਜਾਬੀ
9 (RLIN) 131191
650 ## - SUBJECT ADDED ENTRY--TOPICAL TERM
Topical term or geographic name as entry element ਪੰਜਾਬੀ --ਨਾਟਕ
9 (RLIN) 131192
650 ## - SUBJECT ADDED ENTRY--TOPICAL TERM
Topical term or geographic name as entry element Literature--Punjabi
9 (RLIN) 131193
650 ## - SUBJECT ADDED ENTRY--TOPICAL TERM
Topical term or geographic name as entry element Punjabi--Play
9 (RLIN) 7361
942 ## - ADDED ENTRY ELEMENTS (KOHA)
Source of classification or shelving scheme Dewey Decimal Classification
Koha item type Punjabi Bks
Edition
Classification part 852
Call number suffix ਬਰਾੜ
Holdings
Withdrawn status Lost status Damaged status Not for loan Home library Current library Date acquired Source of acquisition Cost, normal purchase price Total Checkouts Full call number Barcode Date last seen Copy number Cost, replacement price Price effective from Koha item type
        Central Library Central Library 08/02/2016 Cen Lib/Ret 150.00   852 ਬਰਾੜ B-075556 08/02/2016 1 150.00 08/02/2016 Punjabi Bks

© Delhi Public Library
Hit Counter
free hit counter